000 00593nam a2200181 i 4500
001 32285
003 ES-MaACL
005 20251015063048.0
007 t|
008 030130s1910 fr ||||1| fre d
100 1 _aBernheim, Hippolyte,
_d1837-1919
_9125950
245 1 0 _aHypnotisme et suggestion, hysterie, psychothérapie, neurasthénie, psychothérapie /
_cHippolite Bernheim.
250 _a3eme ed. rev. corr. et aug.
260 _aParis :
_bOctave Doin,
_c1910 (
_fChartres-Durand)
300 _aXL, 755 p. ;
_c23 cm.
852 _aES-MaACL
_jF-13320
999 _c32285
_d32285